| 000 | 00676nam a22002057a 4500 | ||
|---|---|---|---|
| 003 | OSt | ||
| 005 | 20140310182351.0 | ||
| 008 | 130930t xxu||||| |||| 00| 0 eng d | ||
| 020 | _a0709706847 | ||
| 050 |
_aQH 48 _b.B714 1998 |
||
| 082 |
_aGS 823.912 _b. T41 1998 |
||
| 100 |
_aBonhomme, Annie _922184 |
||
| 245 |
_a366 and more nature stories. _c Illustrated by Annie Bonhomme ; translation by Colin Clark |
||
| 260 |
_aEngland : _bBrown Watson, _c1998. |
||
| 300 | 1 |
_a192 p. : _bcol. ill. ; _c27 cm. |
|
| 650 |
_a Nature stories _x English. _922185 |
||
| 650 |
_aChildren's Stories _x England. _922186 |
||
| 650 |
_aAnimals _xJuvenile literature. _922187 |
||
| 942 |
_2lcc _cBK-GS |
||
| 999 |
_c12373 _d12373 |
||